00320nam a2200121Ia 450000500170000000800410001708200130005810000230007124500230009426000430011730000130016050000250017320250401081948.0240331s9999 xx 000 0 und d bTHAa894 aThalaiyasingham, M 0aKalaignanin thakam aCoiambatorebParijaatham Achagamc1985 a142 p ., aKalai - Ilakiya nool